It looks like you're offline.
Open Library logo
additional options menu

MARC record from Internet Archive

LEADER: 00914pam 2200253 a 4500
001 91029046
003 DLC
005 20050420132403.0
008 910801s1992 maua b 001 0 eng
010 $a 91029046
020 $a0201570653 :$c$26.95 ($34.95 Can.)
040 $aDLC$cDLC$dDLC
050 00 $aQA76.8.M3$bG643 1992
082 00 $a005.265$220
100 1 $aGoldstein, Neal.
245 10 $aDeveloping object-oriented software for the Macintosh :$banalysis, design, and programming /$cNeal Goldstein, Jeff Alger.
260 $aReading, Mass. :$bAddison-Wesley Pub. Co.,$cc1992.
300 $axviii, 347 p. :$bill. ;$c23 cm.
440 0 $aMacintosh inside out
504 $aIncludes bibliographical references (p. 323-327) and index.
650 0 $aMacintosh (Computer)$xProgramming.
650 0 $aObject-oriented programming (Computer science)
650 0 $aComputer software$xDevelopment.
700 1 $aAlger, Jeff.